00735 a2200217 4500010001400000020002600014035001300040037001600053082001400069090001500083100002100098245009200119250001100211260004500222300002800267500002000295700002000315942002900335999001500364952013800379 aENG-88593 a9788120333710c425.00 aEN-72126 bDBAD / PUB14a658.30019 c9006d90061 aCascio, Wayne F.1 aApplied psychology in human resource management/cby Wayne F. Cascio and Herman Aguinis a6th ed aNew DelhibPrentice-Hall of Indiac2008 axx, 588p. :c24cm (pbk) aIncludes index. aAguinis, Herman adplcENk658.30019 / CAS c8844d8844 00102ddc40718NFICaDBADbDBADeDBAD/PUBg425.00l0o658.30019 CASpEN-72126r2008-09-15 00:00:00t1u9792v425.00w2008-09-15yEN